Conferencia Interamericana de Seguridad Social. (Record no. 46202)
[ view plain ]
| 000 -LEADER | |
|---|---|
| campo de control de longitud fija | 00950nam a2200181 i 4500 |
| 001 - NÚMERO DE CONTROL | |
| campo de control | 46202 |
| 003 - IDENTIFICADOR DE NÚMERO DE CONTROL | |
| campo de control | ES-MaACL |
| 005 - FECHA Y HORA DE LA ÚLTIMA TRANSACCIÓN | |
| campo de control | 20230906161337.0 |
| 007 - CAMPO FIJO DE DESCRIPCIÓN FÍSICA--INFORMACIÓN GENERAL | |
| campo de control de longitud fija | t| |
| 008 - DATOS DE LONGITUD FIJA--INFORMACIÓN GENERAL | |
| campo de control de longitud fija | 030328s1954 mx ||||1| spa d |
| 111 2# - ENTRADA PRINCIPAL--NOMBRE DE CONGRESO/REUNIÓN | |
| Nombre de congreso/reunión o jurisdicción como elemento de entrada | Conferencia Interamericana de Seguridad Social ( |
| Fecha del congreso o de la firma del tratado | 1954. |
| Sede del congreso/Lugar de la reunión | México) |
| 9 (RLIN) | 201 |
| 245 10 - MENCIÓN DEL TÍTULO | |
| Título | Conferencia Interamericana de Seguridad Social. |
| 260 ## - PUBLICACIÓN, DISTRIBUCIÓN, ETC. | |
| Lugar de publicación, distribución, etc. | México : |
| Nombre del editor, distribuidor, etc. | [s.n., |
| Fecha de publicación, distribución, etc. | 1954] ( |
| Fabricante | Gráfs. Horizonte) |
| 300 ## - DESCRIPCIÓN FÍSICA | |
| Extensión | 3 v. ; |
| Dimensiones | 23 cm. |
| 505 8# - NOTA DE CONTENIDO CON FORMATO | |
| Nota de contenido con formato | Contiene: Cuaderno 10. Recomendaciones internacionales sobre seguridad social - Cuaderno 12. Sistemas de control de inscripción, cobros, registro de cotizaciones y vigencia de derechos. Sistema del seguro social mexicano - Cuaderno 13. Resoluciones sobre seguridad social aprobadas por las conferencias regionales de los estados de América, miembros de la Organización Internacional del Trabajo |
| 650 #4 - PUNTO DE ACCESO ADICIONAL DE MATERIA--TÉRMINO DE MATERIA | |
| Término de materia o nombre geográfico como elemento de entrada | Seguridad social- |
| Subdivisión geográfica | América Latina. |
| 9 (RLIN) | 170935 |
| 852 ## - LOCALIZACIÓN | |
| Ubicación | ES-MaACL |
| Número de control de estantería | E-3456-58 |
| Estatus retirado | Estado de pérdida | Estado de daño | No para préstamo | Biblioteca de origen | Biblioteca actual | Ubicación en estantería | Fecha de adquisición | Fuente de adquisición | Total de préstamos | Signatura topográfica completa | Código de barras | Visto por última vez | Precio de reemplazo | Tipo de ítem Koha |
|---|---|---|---|---|---|---|---|---|---|---|---|---|---|---|
| Biblioteca del Ateneo de Madrid | Biblioteca del Ateneo de Madrid | Depósito 2 | 17/01/2008 | E-3456-58 | 1048599 | 23/02/2023 | 23/02/2023 | Libro impreso |
